| 000 -LEADER | |
|---|---|
| fixed length control field | 00359nam a22001457a 4500 |
| 005 - DATE AND TIME OF LATEST TRANSACTION | |
| control field | 20190330125805.0 |
| 008 - FIXED-LENGTH DATA ELEMENTS--GENERAL INFORMATION | |
| fixed length control field | 190330b xxu||||| |||| 00| 0 eng d |
| 020 ## - INTERNATIONAL STANDARD BOOK NUMBER | |
| ISBN | 9798184242163 |
| 041 ## - LANGUAGE CODE | |
| Language code of text/sound track or separate title | eng |
| 100 ## - MAIN ENTRY--AUTHOR NAME | |
| Personal name | Bhattacharya, Jayanta |
| 245 ## - TITLE STATEMENT | |
| Title | Principles of Mining Planning |
| 260 ## - PUBLICATION, DISTRIBUTION, ETC. (IMPRINT) | |
| Place of publication | New Delhi |
| Name of publisher | Allied Publishers |
| 300 ## - PHYSICAL DESCRIPTION | |
| Number of Pages | 508 |
| 942 ## - ADDED ENTRY ELEMENTS (KOHA) | |
| Koha item type | Books |
| Lost status | Damaged status | Collection code | Home library | Current library | Shelving location | Date acquired | Source of acquisition | Cost, normal purchase price | Accession Number | Koha item type | Full call number |
|---|---|---|---|---|---|---|---|---|---|---|---|
| MINING | JRU Library | JRU Library | SHELF-100-E | 30/03/2019 | Purchase | 600.00 | 23078 | Books | |||
| MINING | JRU Library | JRU Library | SHELF-100-E | 30/03/2019 | Purchase | 600.00 | 23079 | Books | |||
| MINING | JRU Library | JRU Library | SHELF-100-E | 25/02/2022 | PURCHASE | 600.00 | 26595 | Books | 622.33 | ||
| MINING | JRU Library | JRU Library | SHELF-100-E | 25/02/2022 | PURCHASE | 600.00 | 26596 | Books | 622.33 | ||
| MINING | JRU Library | JRU Library | SHELF-100-E | 25/02/2022 | PURCHASE | 600.00 | 26597 | Books | 622.33 |